Prersentation of the income statement in the financial statements prepared in accordance with IAS/IFRS

Saved in:
Bibliographic Details
Main Author: Krigovská, Andrea, 1988-
Format: Book Chapter
Language:English
Subjects:
Tags: Add Tag
No Tags, Be the first to tag this record!

MARC

LEADER 00000nla a2200000 4500
001 0195474
005 20240502073258.6
041 0 |a eng 
044 |a SK 
245 1 0 |a Prersentation of the income statement in the financial statements prepared in accordance with IAS/IFRS  |c Andrea Krigovská 
610 2 0 |a štandardy účtovné medzinárodné 
610 2 0 |a harmonizácia 
610 2 0 |a hospodárenie finančné 
610 2 0 |a závierka účtovná 
100 1 |a Krigovská, Andrea, 1988-